Bezpečnosť prevádzky vozidiel, zákonné a havarijné poistenie, doplnkový výstroj a vybavenie, povinné poplatky, cestovné náhrady, cestná daň
Gespeichert in:
| Format: | Buch |
|---|---|
| Sprache: | Slowakisch |
| Veröffentlicht: |
Bratislava
EPOS
1994
|
| Ausgabe: | 1. vyd. |
| Schlagworte: | |
| Tags: |
Keine Tags, Fügen Sie das erste Tag hinzu!
|
MARC
| LEADER | 00000nam a2200000 4500 | ||
|---|---|---|---|
| 001 | c009447 | ||
| 005 | 20221214075301.2 | ||
| 020 | |a 80-85703-77-7 | ||
| 041 | 0 | |a slo | |
| 044 | |a SK | ||
| 245 | 1 | 0 | |a Bezpečnosť prevádzky vozidiel, zákonné a havarijné poistenie, doplnkový výstroj a vybavenie, povinné poplatky, cestovné náhrady, cestná daň |
| 250 | |a 1. vyd. | ||
| 264 | 1 | |a Bratislava |b EPOS |c 1994 | |
| 300 | |a 96 s. | ||
| 610 | 2 | 0 | |a poistenie dopravné |
| 610 | 2 | 0 | |a dane cestné |
| 610 | 2 | 0 | |a poplatky |
| 610 | 2 | 0 | |a náhrada cestovného |
| 610 | 2 | 0 | |a náhrada poistná |
| 610 | 2 | 0 | |a náhrada škody |